000 00528nam a2200181Ia 4500
005 20250606154908.0
008 008 250516s9999 xx 000 0 eng d
020 _a9781032825298
040 _beng
_cSDCL
041 _aeng
_2eng
084 _aY15:(G:55) R4
245 0 _aGender, environment and sustainable development :
_bChallenges and responses from India
260 _aLondon :
_bRoutledge,
_c2024.
300 _axxiii, 252p.
650 _aReference
700 _aPrashad, Shweta Ed.
_9809706
942 _cTEXL
_2CC
999 _c1429769
_d1429769